| 000 | 00650cam a22002055a 4500 | ||
|---|---|---|---|
| 001 | L156273 | ||
| 008 | 120510s1868 xxk f 000 0 eng d | ||
| 035 | _a(Sirsi) u156273 | ||
| 041 | 0 | _aeng | |
| 110 | 2 |
_aBoundary Commission for England _96065 |
|
| 245 | 0 | 0 | _aReport of the Boundary Commissioners for England and Wales, 1868 |
| 260 |
_aLondon _b[s.n.] _c1868 |
||
| 300 |
_axiv, 478 p. _cfol. |
||
| 490 | 0 |
_aCm _vno. 3972 |
|
| 583 | 0 |
_aCondition reviewed _c20120620 _lcondition level 4, detached boards |
|
| 651 | 4 |
_aEngland and Wales _y1543- |
|
| 690 |
_aPlanning and development _96259 |
||
| 710 | 1 | _aBoundary Commission for Wales | |
| 942 | _n0 | ||
| 999 |
_c114144 _d114144 |
||